Alice James : (Record no. 11517)

MARC details
000 -LEADER
fixed length control field 00859nam a22003257i 4500
003 - CONTROL NUMBER IDENTIFIER
control field URS
005 - DATE AND TIME OF LATEST TRANSACTION
control field 20220117094625.0
008 - FIXED-LENGTH DATA ELEMENTS--GENERAL INFORMATION
fixed length control field 170818b xxu||||| |||| 00| 0 eng d
020 ## - INTERNATIONAL STANDARD BOOK NUMBER
International Standard Book Number 0395277876
020 ## - INTERNATIONAL STANDARD BOOK NUMBER
International Standard Book Number 0395361478
040 ## - CATALOGING SOURCE
Description conventions rda
Transcribing agency URSR
Language of cataloging eng
041 ## - LANGUAGE CODE
Language code of text/sound track or separate title eng
042 ## - AUTHENTICATION CODE
Authentication code DMLUC
050 00 - LIBRARY OF CONGRESS CALL NUMBER
Classification number CT 275
Item number St893 1980
100 1# - MAIN ENTRY--PERSONAL NAME
Personal name Strouse, Jean.,
Relator term author
245 10 - TITLE STATEMENT
Title Alice James :
Remainder of title a biography /
Statement of responsibility, etc. Jean Strouse
264 #1 - PRODUCTION, PUBLICATION, DISTRIBUTION, MANUFACTURE, AND COPYRIGHT NOTICE
Place of production, publication, distribution, manufacture Boston :
Name of producer, publisher, distributor, manufacturer Houghton Mifflin,
Date of production, publication, distribution, manufacture, or copyright notice [1980]
264 #4 - PRODUCTION, PUBLICATION, DISTRIBUTION, MANUFACTURE, AND COPYRIGHT NOTICE
Date of production, publication, distribution, manufacture, or copyright notice ©1980
300 ## - PHYSICAL DESCRIPTION
Extent xv, 367 pages:
Dimensions 21.9 cm.
336 ## - CONTENT TYPE
Content type term text
Content type code txt
Source rdacontent
337 ## - MEDIA TYPE
Media type term unmediated
Media type code n
Source rdamedia
338 ## - CARRIER TYPE
Carrier type term volume
Carrier type code nc
Source rdacarrier
500 ## - GENERAL NOTE
General note Include Index.
600 ## - SUBJECT ADDED ENTRY--PERSONAL NAME
Personal name James, Alice
Dates associated with a name 1848-1892.
600 ## - SUBJECT ADDED ENTRY--PERSONAL NAME
Personal name James family.
650 ## - SUBJECT ADDED ENTRY--TOPICAL TERM
Topical term or geographic name entry element United States -- Biography.
905 ## - LOCAL DATA ELEMENT E, LDE (RLIN)
a FO
942 ## - ADDED ENTRY ELEMENTS (KOHA)
Source of classification or shelving scheme Library of Congress Classification
Koha item type Foreign Books
Holdings
Withdrawn status Source of classification or shelving scheme Damaged status Not for loan Home library Current library Shelving location Date acquired Total Checkouts Full call number Barcode Date last seen Price effective from Koha item type
  Library of Congress Classification     Rodriguez College Library Rodriguez College Library Reference 08/18/2017   CT 275 St893 1980 URSROD-0993 08/18/2017 08/18/2017 Foreign Books

University of Rizal System
Email us at univlibservices@urs.edu.ph

Visit our Website www.urs.edu.ph/library